000 00496nam a2200169Ia 4500
005 20250423100921.0
008 250422s9999 xx 000 0 und d
020 _a9783038602323
050 _aNA 1293 .L48 .L66/
100 _a Long, Kieran; Örn, Johan and Andersson, Mikael
245 0 _aSigurd Lewerentz
260 _bParkbooks
260 _c2023
300 _a377 p
650 _a Lewerentz, Sigurd, 1885-1975--Exhibitions Architecture--Sweden--20th century--Exhibitions
942 _cBK
999 _c34734
_d34734